| 000 | 00827nam a22002777a 4500 | ||
|---|---|---|---|
| 001 | 0001878 | ||
| 003 | DO-SdBNP | ||
| 005 | 20230515132821.0 | ||
| 007 | 0001878 | ||
| 008 | 160622b 2008 sp xxu||||| |||| 00| 0 spa d | ||
| 020 | _a9788437621609 | ||
| 040 |
_aBPMSU _bspa _cBPMSU |
||
| 082 | 4 |
_a862.5 _bG216z 2008 _222 |
|
| 100 | 1 |
_aGarcía Lorca, Federico, _d1898-1936. |
|
| 245 | 1 | 3 |
_aLa zapatera prodigiosa / _bFederico García Lorca ; edición de Paloma Pedrero |
| 250 | _a4ta ed. | ||
| 260 |
_aMadrid : _bCátedra, _c2008 |
||
| 300 |
_a101 p. ; _c20 cm. |
||
| 490 | 0 |
_aCátedra base, _v9 |
|
| 590 | _aInventariado, 2023/VM | ||
| 650 | 4 | _aTeatro español | |
| 650 | 4 | _aLiteratura española | |
| 700 | 1 |
_aPedrero, Paloma, _d1957- |
|
| 910 | _aLOPEREZ/ VMateo V. Control de calidad (BPMSU) | ||
| 942 |
_2ddc _cBK |
||
| 999 |
_c10498 _d10498 |
||